000 00615nam a2200229 i 4500
001 000033685
003 DO-SdBNP
005 20240730111530.0
007 ta
008 110905s1997 dr 000 0 spa d
040 _aDO-SdBNP
_bspa
_cBNPHU
_erda
049 _aBNPD
082 4 _222
245 0 3 _aInfotur-RD /
_cel almanaque dominicano.
264 _aSanto Domingo :
_bCentenario,
_c1997/1998.
300 _a589 páginas ;
_c20 cm.
336 _2rdacontent
_atexto
_btxt
337 _2rdamedia
_asin mediación
_bn
338 _2rdacarrier
_avolumen
_bnc
590 _aInventariado, 2024/BT
942 _2ddc
_cLBS1
999 _c33176
_d33176